Abilities in the Powerless Trilogy - Statistics

General Stats
  • This quiz has been taken 1,012 times
  • The average score is 6 of 18
Answers on the Grid
Answers color-coded by a green-red scale on the quiz's grid according to % correct below.
amplifier
blink
Ordinary
Translator
silencer
bluff
blazer
volt
crawler
duplicator
shadow
flame
shimmer
shell
soul
scholar
psychic
volt
bloom
dual
gust
seamstress
wielder
plague
controller
 
Answer Stats
Answer % Correct
blink
67%
amplifier
56%
silencer
56%
crawler
43%
wielder
41%
blazer
40%
dual
37%
bluff
34%
psychic
30%
volt
30%
bloom
27%
controller
25%
volt
24%
shell
23%
gust
19%
scholar
19%
soul
17%
shimmer
15%
No matching quizzes found
Score Distribution
Percent of People with Each Score
Percentile by Number Answered
Your Score History
You have not taken this quiz